| Tag |
First Indicator |
Second Indicator |
Subfields |
| LEADER |
00000cam a2200000Ia 4500 |
| 001 |
in00002425554 |
| 005 |
20190327171438.0 |
| 006 |
m d |
| 007 |
cr cn| |
| 008 |
070806s2007 enka o 000 0 eng d |
| 020 |
|
|
|a 9780750665940
|
| 020 |
|
|
|a 0750665947
|
| 029 |
1 |
|
|a NZ1
|b 11778570
|
| 035 |
|
|
|a (OCoLC)ocn162591554
|
| 035 |
|
|
|a (OCoLC)162591554
|
| 037 |
|
|
|a 109221:109267
|b Elsevier Science & Technology
|n http://www.sciencedirect.com
|
| 040 |
|
|
|a OPELS
|c OPELS
|d BAKER
|d OPELS
|d UtOrBLW
|
| 049 |
|
|
|a TXAM
|
| 050 |
1 |
4 |
|a TA357
|b .H57 2007
|
| 082 |
0 |
4 |
|a 532.051015118
|2 22
|
| 100 |
1 |
|
|a Hirsch, Ch.
|
| 245 |
1 |
0 |
|a Numerical computation of internal and external flows :
|b introduction to the fundamentals of CFD /
|c Charles Hirsch.
|
| 250 |
|
|
|a New ed.
|
| 264 |
|
1 |
|a Oxford :
|b Butterworth-Heinemann,
|c 2007.
|
| 300 |
|
|
|a 1 online resource.
|
| 336 |
|
|
|a text
|b txt
|2 rdacontent
|
| 337 |
|
|
|a computer
|b c
|2 rdamedia
|
| 338 |
|
|
|a online resource
|b cr
|2 rdacarrier
|
| 520 |
|
|
|a The second edition of this classic book delivers the most up to date and comprehensive text available on computational fluid dynamics for engineers and mathematicians. Already renowned for its range and authority, this new edition has been significantly developed in terms of both contents and scope. A complete, self contained text, it will form the basis of study for many leading CFD courses at senior undergraduate and graduate level: a truly formidable resource covering the fundamentals of CFD. New approach takes readers seamlessly from first principles to more advanced and applied topics Presents the essential components of a simulation system at a level suitable for those coming into contact with CFD for the first time, and is ideal for those who need a comprehensive refresher on the fundamentals of CFD Enhanced pedagogy features chapter objectives, hands-on practice examples and end of chapter exercises Extended coverage of finite difference, finite volume and finite element methods New chapters include an introduction to grid properties and the use of grids in practice Includes material on 2-D inviscid, potential and Euler flows, 2-D viscous flows, Navier- Stokes flows to enable the reader to develop basic CFD simulations Accompanied by downloadable computer code for the numerical solution of 1-D convection and convection diffusion problems, plus test cases. Visit http://books.elsevier.com for details. Includes Best-Practice guidelines for applying existing commercial or shareware CFD tools.
|
| 505 |
0 |
|
|a Introduction: An Initial Guide to CFD and to this Volume -- Part I The Mathematical Models for Fluid Flow Simulations at Various Levels of Approximation -- 2 The Dynamical Levels of Approximation -- 3 The Mathematical Nature of the Flow Equations and Their Boundary Conditions -- Part II Basic Discretization Techniques -- 4 The Finite Difference Method for Structured Grids -- 5 Finite Volume Method and Conservative Discretization with an Introduction to Finite Element Method -- 6 Structured and Unstructured Grid Properties -- Part III The Analysis of Numerical Schemes -- 7 Consistency, Stability and Error Analysis of Numerical Schemes -- 8 General Properties and High-Resolution Numerical Schemes -- Part IV The Resolution of Numerical Schemes -- 9 Time Integration Methods for Space-discretized Equations -- 10 Iterative Methods for the Resolution of Algebraic Systems -- PartV Applications to Inviscid andViscous Flows -- 11 Numerical Simulation of Inviscid Flows -- 12 Numerical Solutions of Viscous Laminar Flows.
|
| 500 |
|
|
|a Electronic resource.
|
| 650 |
|
0 |
|a Fluid dynamics
|x Mathematical models.
|
| 650 |
|
0 |
|a Fluid dynamics
|x Data processing.
|
| 650 |
|
0 |
|a Fluid dynamics
|x Mathematical models
|v Problems, exercises, etc.
|
| 650 |
|
0 |
|a Fluid dynamics
|x Data processing
|v Problems, exercises, etc.
|
| 655 |
|
7 |
|a Electronic books.
|2 local
|
| 776 |
1 |
|
|c Original
|z 9780750665940
|z 0750665947
|w (OCoLC)123113917
|
| 710 |
2 |
|
|a ScienceDirect (Online service)
|
| 856 |
4 |
0 |
|u http://proxy.library.tamu.edu/login?url=http://www.sciencedirect.com/science/book/9780750665940
|z Connect to the full text of this electronic book
|t 0
|
| 994 |
|
|
|a 92
|b TXA
|
| 999 |
|
|
|a MARS
|
| 999 |
f |
f |
|s 5f9336d8-9d41-3f32-9789-6cd68bed46f0
|i 7cb41c87-a5f9-3361-9766-b50718c38cb5
|t 0
|
| 952 |
f |
f |
|a Texas A&M University
|b College Station
|c Electronic Resources
|d Available Online
|t 0
|e TA357 .H57 2007
|h Library of Congress classification
|
| 998 |
f |
f |
|a TA357 .H57 2007
|t 0
|l Available Online
|